|
|
|
|
| LEADER |
01385nam a2200373 a 4500 |
| 001 |
000604806 |
| 003 |
CZ BrMZK |
| 005 |
20111205084934.0 |
| 007 |
ta |
| 008 |
020606s2002 xr a cze d |
| 015 |
|
|
|a cnb001183671
|
| 020 |
|
|
|a 80-86285-65-0
|
| 040 |
|
|
|a BOA001
|b cze
|
| 072 |
|
7 |
|a 373.2/.3
|x Předškolní a primární výchova a vzdělávání
|2 Konspekt
|9 22
|
| 072 |
|
7 |
|a 0/9-053.2
|x Literatura pro děti a mládež (naučná)
|2 Konspekt
|9 26
|
| 080 |
|
|
|a 373.2
|2 MRF
|
| 080 |
|
|
|a 37.016:003-028.31
|2 MRF
|
| 080 |
|
|
|a (076.1)
|2 MRF
|
| 080 |
|
|
|a (0.053.2)
|2 MRF
|
| 100 |
1 |
|
|a Kubějová, Olga
|7 ola2004216970
|4 aut
|
| 245 |
1 |
0 |
|a Moje krůčky od kreslení k psaní /
|c [zpracovaly: Olga Kubějová, Mária Tarábková ; ilustrace: Miroslav Růžek]
|
| 250 |
|
|
|a Vyd. 1.
|
| 260 |
|
|
|a Brno :
|b Didaktis,
|c c2002
|
| 300 |
|
|
|a 47 s. :
|b il. ;
|c 21 x 30 cm
|
| 521 |
|
|
|a Pro děti ve věku 4-7 let
|
| 650 |
0 |
7 |
|a předškolní výchova
|7 ph124887
|2 czenas
|
| 650 |
0 |
7 |
|a psaní
|7 ph115938
|2 czenas
|
| 655 |
|
7 |
|a pracovní sešity
|7 fd133116
|2 czenas
|
| 655 |
|
7 |
|a publikace pro děti
|7 fd133156
|2 czenas
|
| 700 |
1 |
|
|a Růžek, Miroslav,
|d 1958-
|7 mzk2003175530
|4 ill
|
| 700 |
1 |
|
|a Tarábková, Mária
|7 ola2004216971
|4 aut
|
| 910 |
|
|
|a BOA001
|b 4-1103.985
|
| 990 |
|
|
|a BK
|
| 996 |
6 |
|
|b 2610162513
|c 4-1103.985
|l MZK
|r Sklad / do 1 hodiny
|n 2
|p p.v.
|w 000604806
|u 000010
|a 1
|e BOA001
|j MZK50
|s P
|